00189nam a2200073Ia 4500008004100000100001200041245005100053260001100104170620s9999 xx 000 0 und d aSiddiqi 0aMarketing In Educational Institutions of India bALFA P